| 000 | 01289pam a2200325 a 4500 | ||
|---|---|---|---|
| 001 | 4801258 | ||
| 005 | 20230320123746.0 | ||
| 008 | 880712s1988 ilu b 001 0 eng | ||
| 010 | _a 88013122 | ||
| 020 | _a0226115488 | ||
| 020 | _a0226115496 (pbk.) | ||
| 040 |
_aDLC _cDLC _dDLC |
||
| 050 | 0 | 0 |
_aQA374 _b.C655 1988 |
| 082 | 0 | 0 |
_a532.0527 _219 _bCON |
| 100 | 1 |
_aConstantin, P. _q(Peter), _d1951- _9110644 |
|
| 245 | 1 | 0 |
_aNavier-Stokes equations / _cPeter Constantin and Ciprian Foias. |
| 260 |
_aChicago : _bUniversity of Chicago Press, _c1988. |
||
| 300 |
_aix, 190 p. ; _c21 cm. |
||
| 440 | 0 |
_aChicago lectures in mathematics _9110645 |
|
| 500 | _aIncludes index. | ||
| 504 | _aBibliography: p. 185-188. | ||
| 650 | 0 |
_aNavier-Stokes equations. _9110646 |
|
| 700 | 1 |
_aFoiaş, Ciprian. _9110647 |
|
| 856 | 4 | 2 |
_3Publisher description _uhttp://www.loc.gov/catdir/description/uchi052/88013122.html |
| 856 | 4 | 2 |
_3Contributor biographical information _uhttp://www.loc.gov/catdir/enhancements/fy0609/88013122-b.html |
| 856 | 4 | 1 |
_3Table of contents only _uhttp://www.loc.gov/catdir/enhancements/fy0608/88013122-t.html |
| 906 |
_a7 _bcbc _corignew _d1 _eocip _f19 _gy-gencatlg |
||
| 942 |
_2ddc _cBK |
||
| 999 |
_c593857 _d593857 |
||